000 00401nam a2200169Ia 4500
001 13217
003 IN-NITTTR
005 20251114233124.0
008 251113s9999||||xx |||||||||||||| ||eng||
040 _beng
040 _cIN-NITTTR
041 _aeng
082 _a620.004 S24H
100 _aSymes, Russell W.
245 0 _aHandbook of measurement science. /
_cSymes, Russell W.
942 _2ddc
_cBK
999 _c15853
_d15853